Groupes de choses : Portugal - Statistiques

Statistiques générales
  • Ce quiz a été pris 240 fois
  • Le résultat moyen est 14 sur 31
Statistiques - réponses
Hint Réponse % Correct
Plus grandes villes Lisbonne
99%
Plus grandes villes Porto
99%
Ballons d'or portugais Cristiano Ronaldo
93%
Langues officielles Portugais
93%
Pays qui ont obtenu leur indépendance du Portugal Brésil
81%
Pays qui ont obtenu leur indépendance du Portugal Angola
73%
Archipels portugais dans l'océan Atlantique Madère
73%
Principaux explorateurs portugais Vasco de Gama
72%
Archipels portugais dans l'océan Atlantique Açores
70%
Pays qui ont obtenu leur indépendance du Portugal Cap-Vert
66%
Pays qui ont obtenu leur indépendance du Portugal Mozambique
59%
Plus grandes villes Braga
58%
Ballons d'or portugais Luís Figo
58%
Principaux explorateurs portugais Fernand de Magellan
57%
Ballons d'or portugais Eusébio
55%
Plus longues rivières Douro
54%
Pays qui ont obtenu leur indépendance du Portugal Guinée-Bissau
44%
Pays qui ont obtenu leur indépendance du Portugal Sao Tomé-et-Principe
41%
Plus longues rivières Tage
39%
Territoire portugais annexés par l'Inde en 1961 Goa
24%
Langues officielles Mirandais
12%
Principaux explorateurs portugais Pedro Alvares Cabral
9%
Plus grandes villes Vila Nova de Gaia
9%
Plus grandes villes Amadora
8%
Plus longues rivières Mondego
8%
Principaux explorateurs portugais Bartolomeu Dias
7%
Plus longues rivières Guadiana
6%
Principaux explorateurs portugais Henri le navigateur
5%
Plus longues rivières Sado
4%
Territoire portugais annexés par l'Inde en 1961 Diu
3%
Territoire portugais annexés par l'Inde en 1961 Daman
2%
Aucun quiz correspondant
Distribution des résultats
% des personnes avec chaque résultat
Percentile par nombre de réponses
Votre historique - résultats
Vous n’avez pas pris ce quiz